000 01676nam a2200373 i 4500
001 193574
003 ES-MaACL
005 20240902063046.0
007 ta
008 240116b sp ||||| |||| 00| 0 spa d
017 _aV 807-2023
_bOficina Depósito Legal Valencia
020 _a9788495749529
040 _bspa
_cES-MaACL
100 1 _9234882
_aLapuente, Luis,
_d1957-
_eivr
245 1 0 _aConversaciones con Teddy Bautista /
_cLuis Lapuente
250 _aPrimera edición: abril de 2023
260 _a[Valencia] :
_bEfe Eme,
_c2023
300 _a221 páginas, [8] páginas de láminas (color) :
_bilustraciones (blanco y negro) ;
_c24 cm
336 _2rdacontent
_aTexto
337 _2rdamedia
_asin mediación
338 _2rdacarrier
_avolumen
490 0 _aBiblioteca Efe Eme
500 _aÍndice
520 _aUn libro excepcional: las conversaciones entre Teddy Bautista y Luis Lapuente. A través de estas páginas, Teddy Bautista aborda su incansable trayectoria vital y profesional, reflexiona sobre sus aciertos y sus errores, subraya su apasionada visión de la música y el arte. Un libro fascinante, fruto de más de cuarenta horas de conversaciones.
600 1 _9159373
_aBautista, Teddy,
_d1943-
700 1 _9159373
_aBautista, Teddy,
_d1943-
_eive
852 _aES-MaACL
_bR. 154927
_cDEPOJ
_jN-9583
_hDonación: Editorial
_9201038
_xEncuadernación rústica con solapas
942 _n0
_cMONOGRAFIA
999 _c193574
_d193574